00465nam a2200085Ia 4500008004100000245002400041300023700065650002800302856004900330170517s9999 xx 000 0 und d aEurope on the Brink aIn this documentary, Wall Street Journal editors and reporters examine the origins of Europe's debt crisis and why it spread with such ferocity to engulf much of the continent and threaten the entire world. Had Europe faced up to... xBusiness and Economics. uhttp://topdocumentaryfilms.com/europe-brink/